000 01146nam a2200277Ia 4500
001 Z_6323
003 CHAP
008 220113s1996 xx 000 0 und d
010 _a169572
040 _cCHAP
082 _a636.21 R48 1996
111 _aReunión Nacional de Investigación Pecuaria (1996 : Cuernavaca, Mor.)
_9144449
245 _aReunión Nacional de Investigación Pecuaria, Morelos 1996 : memoria /
_cINIFAP
260 _aMéxico :
_bINIFAP,
_c1996
300 _a419 p.
500 _aParticipantes: Secretaría de Agricultura, Ganadería y Desarrollo Rural, Gobierno del Estado de Morelos, Instituto Nacional de Investigaciones Forestales, Agrícolas y Pecuarias, Universidad Autónoma del Estado de Morelos, Uiversidad Nacional Autónoma de México, Universidad Autónoma Chapingo y Colegio de Postgraduados en Ciencias Agrícolas
503 _aej.1: s/n
650 _aGanado
_xCría
_xMéxico
_xCongresos
_9144450
711 _aReunión Nacional de Investigación Pecuaria (1996 : Cuernavaca, Mor.)
_9144449
901 _a636.21 R48 1996
902 _aA
910 _a1996
942 _c1
942 _cc1
999 _c169572
_d169572